Famous French People by Picture Quiz Stats

 Plays Quiz Updated Jul 13, 2017

Support Sporcle.
Go Orange.
Score 0/16 Timer 06:00
2 Plays Today
# Person % Correct
Napoleon Bonaparte
95.2%
Jeanne d'Arc
85.8%
Marie Antoinette
77%
Charles de Gaulle
73%
Brigitte Bardot
66.3%
Nicolas Sarkozy
62.2%
Gérard Depardieu
62%
Zinedine Zidane
55.9%
# Person % Correct
Thierry Henry
49.2%
Marion Cotillard
38.1%
Tony Parker
37.1%
Voltaire
30.7%
Coco Chanel
25.8%
Louis Pasteur
25.5%
Audrey Tautou
23.1%
Claude Monet
17.7%

You're not logged in!

Compare scores with friends on all Sporcle quizzes.
OR
Log In
Forgot?

From the Vault

States by 'M' Cities

by stereo_love

Can you tell your Muncie apart from your Murfreesboro?
Remove Ads.
Support Sporcle.
Get the best of Sporcle when you Go Orange. This ad-free experience offers more features, more stats, and more fun while also helping to support Sporcle. Thank you for becoming a member.

Show Comments

Extras

Top Quizzes Today


Score Distribution

Your Account Isn't Verified!

In order to create a playlist on Sporcle, you need to verify the email address you used during registration. Go to your Sporcle Settings to finish the process.

Report this User

Report this user for behavior that violates our Community Guidelines.

Details: